Вторая мировая война (изображения) - Statistics

General Stats
  • This quiz has been taken 6 times
  • The average score is 26 of 82
Answer Stats
Picture Answer % Correct
Георгий Жуков
75%
Сидор Ковпак
75%
Зоя Космодемьянская
75%
Николай Кузнецов
75%
Рихард Зорге
75%
Борис Шапошников
75%
Дуайт Эйзенхауэр
75%
Уинстон Черчилль
75%
Шарль де Голль
75%
Михаил Кирпонос
50%
Александр Твардовский
50%
Лидия Русланова
50%
Марк Бернес
50%
Сергей Эйзенштейн
50%
Семен Тимошенко
50%
Николай Крючков
50%
Марат Казей
50%
Александр Василевский
50%
Иван Конев
50%
Иван Баграмян
50%
Родион Малиновский
50%
Василий Чуйков
50%
Николай Ватутин
50%
Александр Щербаков
50%
Дмитрий Павлов
50%
Лев Доватор
50%
Филипп Октябрьский
50%
Константин Рокоссовский
50%
Гейнц Гудериан
50%
Бенито Мусолини
50%
Хо Ши Мин
50%
Мао Цзэдун
50%
Иван Черняховский
25%
Юрий Левитан
25%
Клавдия Шульженко
25%
Ольга Берггольц
25%
Дмитрий Шостакович
25%
Валентин Котик
25%
Зина Портнова
25%
Леонид Голиков
25%
Сергий
25%
Михаил Кошкин
25%
Мария Раскова
25%
Иван Панфилов
25%
Андрей Власов
25%
Петр Гаврилов
25%
Николай Гастелло
25%
Алексей Маресьев
25%
Виктор Талалихин
25%
Дмитрий Карбышев
25%
Василий Зайцев
25%
Карл Густав Маннергейм
25%
Фридрих Паулюс
25%
Иоахим фон Риббентроп
25%
Рудольф Гесс
25%
Бернард Монтгомери
25%
Франклин Рузвельт
25%
Хирохито
25%
Дуглас Маккартур
25%
Гари Трумен
25%
Миклош Хорти
25%
Михай I
25%
Александр Косыгин
0%
Андрей Еременко
0%
Яков Павлов
0%
Муса Джалиль
0%
Константин Симонов
0%
Олег Кошевой
0%
Федор Толбухин
0%
Леонид Говоров
0%
Александр Покрышкин
0%
Людмила Павличенко
0%
Николай Кузнецов
0%
Герман Геринг
0%
Йозеф Геббельс
0%
Вильгельм Кейтель
0%
Эрвин Роммель
0%
Джордж Маршалл
0%
Йон Антонеску
0%
Франциско Франко
0%
Филипп Петен
0%
Чан Кайши
0%
No matching quizzes found
Score Distribution
Percent of People with Each Score
Percentile by Number Answered
Your Score History
You have not taken this quiz